000 00432nam a2200181Ia 4500
001 14828
005 20260306164942.0
008 260306t2019||||xx |||||||||||||| ||spa||
041 _aESP
082 _a519.4
_bL65
100 _aLindfield, George
_eAUT
245 0 _aNumerical methods:
_busing Matlab
260 _c2019
300 _axxv, 582 páginas :
_c24 cm.
650 _aGEN
654 _aCMA
942 _cLIB
_dJUS
_fJUS
_2ddc
_n
999 _c14828
_d14828